000
00228nam a22000857a 4500
008
160915b xxu||||| |||| 00| 0 eng d
100
_9
510
_a
Forshaw.J.etal
245
_a
A Guide to Birding
260
_a
USA
_b
City Press Publications
_c
2005
999
_c
3167
_d
3167